000 00364nam a2200157Ia 4500
008 221030s9999 xx 000 0 und d
020 _a9385039225
041 _aEnglish
100 _aS. C. Rangwala
245 0 _aTown Planning
_cby S. C. Rangwala
250 _a29th
260 _bCharotar Pub.
_aAnand
_c2016
300 _a256
650 _aCivil
942 _cBK
999 _c18034
_d18034